[Event "Torneo B Autunno Vomero"]
[Site "Napoli ITA"]
[Date "2016.10.13"]
[Round "6"]
[White "Cangiano, Gianluca"]
[Black "Marchesini, Giulia"]
[WhiteElo "1440"]
[BlackElo "1290"]
[Result "0-1"]
[PlyCount "136"]
[EventDate "2016.09.08"]

1. e4 e5 2. Nf3 Nc6 3. Bc4 Bc5 4. Nc3 d6 5. d3 h6 6. a3 Bg4 7. h3 Bxf3 8. Qxf3
Qf6 9. Nd5 Qxf3 10. gxf3 O-O-O 11. Be3 Nd4 12. Kd2 Nxf3+ 13. Ke2 Nd4+ 14. Kd1
c6 15. b4 cxd5 16. Bxd5 Bb6 17. c3 Kb8 18. a4 a5 19. Rb1 Rd7 20. bxa5 Bxa5 21.
cxd4 exd4 22. Bd2 Bxd2 23. Kxd2 Nf6 24. a5 Nxd5 25. exd5 Ka7 26. Ra1 Ka6 27.
Rhb1 Rb8 28. Rb6+ Ka7 29. Kc2 Rc7+ 30. Kb3 Rc3+ 31. Kb4 Rxd3 32. Kb5 Rb3+ 33.
Kc4 Rxb6 34. axb6+ Kxb6 35. Rb1+ Kc7 36. Kxd4 Rd8 37. Rc1+ Kd7 38. Ra1 f5 39.
f3 Rc8 40. h4 g5 41. hxg5 hxg5 42. Ke3 Rc3+ 43. Ke2 Ke7 44. Rg1 Kf6 45. Rf1 f4
46. Kd2 Ra3 47. Ke2 Kf5 48. Rb1 g4 49. fxg4+ Kxg4 50. Rg1+ Kf5 51. Rf1 Ke4 52.
Kd2 f3 53. Re1+ Kd4 54. Kc2 f2 55. Rd1+ Kc4 56. Kb2 Rf3 57. Rc1+ Kxd5 58. Rd1+
Ke5 59. Rf1 Ke4 60. Kc2 Ke3 61. Kd1 b5 62. Rxf2 Rxf2 63. Ke1 Ra2 64. Kd1 Kd3
65. Kc1 Kc3 66. Kb1 Rh2 67. Ka1 Kb3 68. Kb1 Rh1# 0-1

[Event "Torneo B Autunno Vomero"]
[Site "Napoli ITA"]
[Date "2016.10.13"]
[Round "6"]
[White "Chiaiese, Luciano"]
[Black "Caporali, Dante"]
[WhiteElo "1525"]
[BlackElo "1667"]
[Result "1/2-1/2"]
[PlyCount "120"]
[EventDate "2016.09.08"]

1. Nf3 d5 2. g3 Nf6 3. d4 e6 4. Bg2 Be7 5. O-O O-O 6. Bf4 b6 7. Re1 Bb7 8. Nbd2
Nbd7 9. c3 c5 10. Qc2 Rc8 11. Be3 cxd4 12. Bxd4 Bc5 13. Bxf6 Nxf6 14. e3 Be7
15. Nb3 a5 16. Rad1 Qc7 17. Nbd4 Ba6 18. Ng5 Qd6 19. e4 e5 20. Nf5 Qc7 21.
Nxe7+ Qxe7 22. exd5 Rcd8 23. f4 Qc5+ 24. Kh1 exf4 25. gxf4 h6 26. Ne4 Nxe4 27.
Bxe4 Bb7 28. c4 Qd6 29. Rg1 Qf6 30. Rg3 Kh8 31. Rdg1 g6 32. Qd2 Rg8 33. Rf1 Qe7
34. f5 Qxe4+ 35. Kg1 Kh7 36. fxg6+ fxg6 37. Rf4 Qe7 38. Rgf3 Rg7 39. Rh3 g5 40.
Qd3+ Kg8 41. Re4 Qd6 42. Re6 Qxe6 43. dxe6 Rxd3 44. Rxd3 Re7 45. Rd8+ Kg7 46.
Rd6 Bc8 47. Rxb6 Bxe6 48. c5 Bxa2 49. c6 Bd5 50. Ra6 Rc7 51. Rxa5 Bxc6 52. Rc5
Kf6 53. b4 Ke6 54. b5 Kd6 55. Rxc6+ Rxc6 56. bxc6 Kxc6 57. Kf2 Kd5 58. Kg3 h5
59. h4 Ke5 60. hxg5 Kf5 1/2-1/2

[Event "Torneo B Autunno Vomero"]
[Site "Napoli ITA"]
[Date "2016.10.13"]
[Round "6"]
[White "Condorelli, Pietro"]
[Black "Compagnone, Luigi"]
[WhiteElo "1681"]
[BlackElo "1203"]
[Result "1-0"]
[PlyCount "87"]
[EventDate "2016.09.08"]

1. e4 e5 2. Nf3 Nc6 3. Bc4 Nf6 4. d3 Bc5 5. c3 O-O 6. Nbd2 d6 7. Nf1 Ng4 8. d4
exd4 9. cxd4 Bb4+ 10. N1d2 Nf6 11. d5 Na5 12. Bd3 b6 13. h3 Re8 14. O-O Bxd2
15. Nxd2 Nb7 16. Re1 Nc5 17. Bc2 Bb7 18. b4 Ncd7 19. Nf1 c6 20. dxc6 Bxc6 21.
Bg5 h6 22. Bxf6 Nxf6 23. Ng3 Qe7 24. Nf5 Qe6 25. f3 Rad8 26. Rc1 Qe5 27. Bb3
Bd7 28. Nd4 Rc8 29. Rxc8 Rxc8 30. b5 Qg5 31. Nf5 Bxf5 32. exf5 Ne8 33. Qe2 Qxf5
34. a4 Nf6 35. Qe7 Qc5+ 36. Kh1 Qc7 37. Bxf7+ Kh7 38. Qxc7 Rxc7 39. Ba2 d5 40.
Kh2 Rd7 41. Bb1+ Kg8 42. h4 d4 43. Bf5 Rd5 44. Be6+ 1-0

[Event "Torneo B Autunno Vomero"]
[Site "Napoli ITA"]
[Date "2016.10.13"]
[Round "6"]
[White "Donadio, Giacinto"]
[Black "Giuffrida, Alfio"]
[WhiteElo "1491"]
[BlackElo "1440"]
[Result "1-0"]
[PlyCount "63"]
[EventDate "2016.09.08"]

1. e4 e5 2. Nf3 Nf6 3. Nxe5 Bc5 4. d4 Qe7 5. Bc4 O-O 6. O-O d6 7. Nxf7 Be6 8.
Bxe6 Qxe6 9. Ng5 Qc4 10. dxc5 Qxc5 11. Ne6 Qc4 12. Nxf8 Kxf8 13. f3 Nbd7 14.
Be3 d5 15. Nc3 c6 16. Qd4 b5 17. b3 Qc5 18. Qxc5+ Nxc5 19. Bxc5+ Kf7 20. exd5
cxd5 21. Nxb5 a6 22. Nd4 Nd7 23. Bd6 a5 24. Rfe1 Nf6 25. Re7+ Kg6 26. Be5 Nh5
27. g4 Nf6 28. Bxf6 Kxf6 29. Rae1 Kg5 30. Kg2 Rf8 31. Kg3 g6 32. Ne6+ 1-0

[Event "Torneo B Autunno Vomero"]
[Site "Napoli ITA"]
[Date "2016.10.13"]
[Round "6"]
[White "Esposito, Marco"]
[Black "Verre, Gaetano"]
[WhiteElo "1440"]
[BlackElo "1387"]
[Result "0-1"]
[PlyCount "86"]
[EventDate "2016.09.08"]

1. c4 e5 2. e3 Nf6 3. Nc3 c6 4. Qc2 d5 5. b3 Bc5 6. Bb2 Nbd7 7. f3 O-O 8. Bd3
g6 9. Nge2 Re8 10. Ng3 Rb8 11. O-O-O a6 12. h4 b5 13. cxb5 axb5 14. h5 d4 15.
exd4 exd4 16. Nce2 Qb6 17. hxg6 fxg6 18. Nf4 Ne5 19. Bxg6 hxg6 20. Nxg6 d3 21.
Qc3 b4 22. Qxe5 Rxe5 23. Bxe5 Ra8 24. Bxf6 Bd4 25. Bxd4 Qxd4 26. Rh8+ Kf7 27.
Kb1 Kxg6 28. Rdh1 Qf4 29. R1h6+ Qxh6 30. Rxh6+ Kxh6 31. Ne4 Bf5 32. Nd6 Be6 33.
Kb2 Rg8 34. g4 Rf8 35. a3 c5 36. Ne4 Rc8 37. g5+ Kg6 38. f4 Rc6 39. Ng3 Bf5 40.
a4 c4 41. bxc4 Rxc4 42. Kb3 Rxf4 43. a5 Be6+ 0-1

[Event "Torneo B Autunno Vomero"]
[Site "Napoli ITA"]
[Date "2016.10.13"]
[Round "6"]
[White "Polizio, Italo"]
[Black "Capasso, Ciro"]
[WhiteElo "1258"]
[BlackElo "1440"]
[Result "0-1"]
[PlyCount "72"]
[EventDate "2016.09.08"]

1. e4 e5 2. Nf3 Nc6 3. Bc4 Nf6 4. Nc3 d6 5. Ng5 Be6 6. Bxe6 fxe6 7. Nxe6 Qe7 8.
Nd5 Nxd5 9. exd5 Nd4 10. O-O Nxe6 11. dxe6 Qxe6 12. Qf3 Be7 13. Qxb7 O-O 14. d3
Bh4 15. Be3 a6 16. Qe4 Rab8 17. Qxh4 Rxb2 18. c4 c5 19. Qg3 d5 20. cxd5 Qxd5
21. Bh6 Rf7 22. a3 Qd6 23. Bc1 Rc2 24. f4 Qd4+ 25. Kh1 Qxa1 26. Qf3 Rxc1 27.
Qa8+ Rf8 28. Qd5+ Rf7 29. Qd8+ Rf8 30. Qd5+ Kh8 31. h3 Rxf1+ 32. Kh2 Qd4 33.
Qc6 Qxf4+ 34. g3 Qd2+ 35. Qg2 R1f2 36. Qxf2 Qxf2+ 0-1

[Event "Torneo B Autunno Vomero"]
[Site "Napoli ITA"]
[Date "2016.10.13"]
[Round "6"]
[White "Sheludko, Olexander"]
[Black "Orefice, Matteo"]
[WhiteElo "1598"]
[BlackElo "1440"]
[Result "0-1"]
[PlyCount "96"]
[EventDate "2016.09.08"]

1. Nf3 Nf6 2. g3 g6 3. Bg2 Bg7 4. d3 O-O 5. Nc3 d6 6. O-O Bg4 7. e4 e5 8. h3
Be6 9. Ng5 Qe7 10. Nxe6 fxe6 11. Ne2 Nbd7 12. Bg5 h6 13. Be3 c6 14. Qd2 Kh7 15.
f4 Rf7 16. fxe5 Nxe5 17. g4 g5 18. Qb4 c5 19. Qb3 a6 20. Rad1 Nc6 21. c3 d5 22.
Qc2 Rd8 23. exd5 exd5 24. Bxc5 Qe6 25. Rde1 Kh8 26. Nf4 Qc8 27. Ng6+ Kg8 28.
Ne7+ Nxe7 29. Bxe7 Rxe7 30. Rxe7 Qc5+ 31. d4 Qxe7 32. Qd2 Re8 33. Qc2 Qe2 34.
Qb3 Qe3+ 35. Kh1 Ne4 36. Qxd5+ Kh8 37. Kh2 Qg3+ 38. Kg1 Nd2 39. Qd7 Qe3+ 40.
Rf2 Qe1+ 41. Bf1 Nxf1 42. Rxf1 Qg3+ 43. Kh1 Qxh3+ 44. Kg1 Qe3+ 45. Kg2 Qe4+ 46.
Rf3 Rf8 47. Qf5 Rxf5 48. gxf5 g4 0-1

[Event "Torneo B Autunno Vomero"]
[Site "Napoli ITA"]
[Date "2016.10.13"]
[Round "6"]
[White "Spano, Angelo Salvatore"]
[Black "Pellegrino, Laura"]
[WhiteElo "1138"]
[BlackElo "1446"]
[Result "0-1"]
[PlyCount "60"]
[EventDate "2016.09.08"]

1. e4 d6 2. d4 Nf6 3. Nc3 Nbd7 4. Nf3 e5 5. Bd3 Be7 6. Nd5 O-O 7. Nxe7+ Qxe7 8.
O-O exd4 9. Re1 c5 10. Bg5 Ne5 11. Nxe5 Qxe5 12. Bxf6 Qxf6 13. Qf3 Qg5 14. Qg3
Qe5 15. Qxe5 dxe5 16. c3 b6 17. cxd4 exd4 18. Bb5 Bb7 19. e5 a6 20. Bc4 b5 21.
Bb3 c4 22. Bd1 Rfe8 23. f4 g6 24. Bf3 Bxf3 25. gxf3 Rad8 26. Rad1 d3 27. b3 c3
28. Re3 c2 29. Rc1 d2 30. Rxc2 d1=Q+ 0-1

[Event "Torneo B Autunno Vomero"]
[Site "Napoli ITA"]
[Date "2016.10.20"]
[Round "7"]
[White "Caporali, Dante"]
[Black "Sheludko, Olexander"]
[WhiteElo "1667"]
[BlackElo "1598"]
[Result "1-0"]
[PlyCount "55"]
[EventDate "2016.09.08"]

1. d4 Nf6 2. c4 g6 3. Nc3 Bg7 4. e4 d6 5. Nf3 O-O 6. Be2 e5 7. d5 Nbd7 8. O-O
Nc5 9. Qc2 a5 10. Be3 Ng4 11. Bxc5 dxc5 12. h3 Nh6 13. Rad1 f5 14. Bd3 Qf6 15.
Qd2 f4 16. Be2 g5 17. d6 Rd8 18. Nd5 Qxd6 19. Nxc7 Qxd2 20. Nxd2 Rb8 21. Nb3
Rd7 22. Rxd7 Bxd7 23. Rd1 Bc6 24. Nd5 Ba4 25. Rd2 b6 26. Nc1 Nf7 27. b3 Bc6 28.
Ne7+ 1-0

[Event "Torneo B Autunno Vomero"]
[Site "Napoli ITA"]
[Date "2016.10.20"]
[Round "7"]
[White "Orefice, Matteo"]
[Black "Esposito, Marco"]
[WhiteElo "1440"]
[BlackElo "1440"]
[Result "1-0"]
[PlyCount "75"]
[EventDate "2016.09.08"]

1. e4 c5 2. Nf3 Nc6 3. d4 e6 4. Nc3 a6 5. g3 Qc7 6. Bg2 b6 7. O-O f6 8. Re1 Bd6
9. a3 h5 10. e5 Be7 11. Qd3 f5 12. d5 Bb7 13. dxc6 Qxc6 14. h4 O-O-O 15. Bf4
Nh6 16. Bxh6 Rxh6 17. Red1 g5 18. Ne1 Qc7 19. Bxb7+ Qxb7 20. hxg5 Bxg5 21. Qf3
Qb8 22. Nd3 h4 23. Kg2 h3+ 24. Kh2 Rf8 25. b3 Kc7 26. Nf4 Rfh8 27. Qd3 Qc8 28.
Qd6+ Kd8 29. Nxe6+ Rxe6 30. Qxe6 Qb7 31. f3 f4 32. g4 Bh4 33. Ne4 Bg3+ 34. Nxg3
fxg3+ 35. Kxg3 Rf8 36. Rd5 Re8 37. Qd6 Re6 38. Qxe6 1-0

[Event "Torneo B Autunno Vomero"]
[Site "Napoli ITA"]
[Date "2016.10.20"]
[Round "7"]
[White "Pellegrino, Laura"]
[Black "Chiaiese, Luciano"]
[WhiteElo "1446"]
[BlackElo "1525"]
[Result "1-0"]
[PlyCount "69"]
[EventDate "2016.09.08"]

1. d4 e6 2. e4 b6 3. Nf3 Bb7 4. Bd3 Ne7 5. Nbd2 d5 6. O-O g6 7. c3 Bg7 8. e5
O-O 9. Re1 f6 10. Nf1 fxe5 11. Nxe5 Nd7 12. Nf3 c5 13. Rxe6 c4 14. Bc2 Nf6 15.
Qe2 Rf7 16. Ng5 Qd7 17. Ba4 Bc6 18. Bxc6 Nxc6 19. Nxf7 Kxf7 20. Re3 Ne7 21. Rf3
Nf5 22. Bg5 Re8 23. Qd2 Ne4 24. Qf4 Bf8 25. g4 Bd6 26. Qc1 Nxg5 27. Qxg5 Rg8
28. Ng3 h6 29. Qxh6 Bxg3 30. fxg3 Qe7 31. gxf5 gxf5 32. Qh5+ Kg7 33. Qxf5 Qe2
34. Qg5+ Kh7 35. Rf7+ 1-0

[Event "Torneo B Autunno Vomero"]
[Site "Napoli ITA"]
[Date "2016.10.20"]
[Round "7"]
[White "Spano, Angelo Salvatore"]
[Black "Guglielmi, Domenico Donato"]
[WhiteElo "1138"]
[BlackElo "1542"]
[Result "0-1"]
[PlyCount "98"]
[EventDate "2016.09.08"]

1. e4 c5 2. d4 cxd4 3. Qxd4 Nc6 4. Qa4 e6 5. Nf3 Nf6 6. Nc3 Bb4 7. Qb3 Nxe4 8.
Bd2 Nxd2 9. Nxd2 d5 10. Bb5 Bxc3 11. Bxc6+ bxc6 12. Qxc3 O-O 13. Qxc6 Qg5 14.
g3 Rb8 15. Qc3 Bb7 16. Qe3 Qxe3+ 17. fxe3 d4 18. Rg1 dxe3 19. Nf1 Ba6 20. Nxe3
Rxb2 21. Kf2 h6 22. Rgc1 Rfb8 23. Nd1 R2b5 24. Ne3 Rh5 25. Kg1 Rd8 26. Rd1 Rc8
27. Rd7 Ra8 28. Rd6 Bb5 29. c4 Be8 30. Rad1 Re5 31. Kf2 Ra5 32. Rd8 Rxd8 33.
Rxd8 Kf8 34. Rd2 Ke7 35. Rc2 Rc5 36. Nd1 Ba4 37. Rc1 Bxd1 38. Rxd1 Rxc4 39. Rb1
Rc2+ 40. Kf3 Rxa2 41. Rb7+ Kf6 42. Rb4 g5 43. h4 a5 44. Rc4 Ra3+ 45. Kg2 Kf5
46. hxg5 hxg5 47. Kh3 e5 48. Rg4 Ra1 49. Kh2 Kxg4 0-1

[Event "Torneo B Autunno Vomero"]
[Site "Napoli ITA"]
[Date "2016.10.20"]
[Round "7"]
[White "Verre, Gaetano"]
[Black "Condorelli, Pietro"]
[WhiteElo "1387"]
[BlackElo "1681"]
[Result "0-1"]
[PlyCount "40"]
[EventDate "2016.09.08"]

1. e4 c5 2. Nf3 a6 3. d4 cxd4 4. Nxd4 e5 5. Nf3 Nf6 6. Nc3 Nc6 7. Bc4 Bb4 8.
Qd3 Qc7 9. Bd2 Bxc3 10. Bxc3 d6 11. h3 Ne7 12. O-O-O O-O 13. Bb3 Rd8 14. Bb4 d5
15. Bxe7 Qxe7 16. Bxd5 Be6 17. Qb3 Bxd5 18. exd5 e4 19. Rhe1 Qc5 20. Re2 exf3
0-1

[Event "C.to Provinciale TO"]
[Site "Torino ITA"]
[Date "2016.01.26"]
[Round "1"]
[White "De Vito, Gianmarco"]
[Black "D'India, Bruno"]
[WhiteElo "1580"]
[BlackElo "1758"]
[Result "0-1"]
[PlyCount "64"]
[EventDate "2016.01.26"]

1. d4 d5 2. c4 c6 3. Nc3 Nf6 4. Bg5 e6 5. c5 Be7 6. Nf3 Nbd7 7. b4 Qc7 8. e3 e5
9. dxe5 Nxe5 10. Bf4 Nxf3+ 11. Qxf3 Qd8 12. Rb1 Bf5 13. Rb2 O-O 14. Be2 a5 15.
O-O axb4 16. Rxb4 Qa5 17. Rxb7 Qxc3 18. Rxe7 Qxc5 19. Re5 Bg4 20. Qg3 Bxe2 21.
Bh6 g6 22. Bxf8 Kxf8 23. Re1 Qc3 24. f3 Rxa2 25. h3 Nh5 26. Re8+ Kxe8 27. Qb8+
Ke7 28. Kh2 Qxe1 29. Qc7+ Kf8 30. Qd6+ Kg7 31. Qe5+ Nf6 32. f4 Bf3 0-1

[Event "C.to Provinciale TO"]
[Site "Torino ITA"]
[Date "2016.01.26"]
[Round "1"]
[White "Di Chiara, Mauro"]
[Black "Plenzick, Angelo"]
[WhiteElo "1936"]
[BlackElo "1703"]
[Result "1-0"]
[PlyCount "121"]
[EventDate "2016.01.26"]

1. e4 c6 2. d4 d5 3. e5 Bf5 4. Be3 e6 5. Nd2 Ne7 6. Be2 Nd7 7. f4 h6 8. g4 Bh7
9. Ngf3 Qb6 10. Nb3 a5 11. a4 Be4 12. O-O Qd8 13. Nbd2 Bxf3 14. Nxf3 b6 15. Bd3
Rc8 16. f5 c5 17. dxc5 bxc5 18. f6 Nc6 19. Bb5 g6 20. c4 d4 21. Bf4 Qc7 22. Qe2
Qb8 23. Qe4 Qb6 24. Bd2 h5 25. Ng5 hxg4 26. Nxe6 fxe6 27. Qxg6+ Kd8 28. Bxc6
Nxe5 29. Qe8+ Kc7 30. Qxe6 Nxc6 31. Bf4+ Kb7 32. Qd7+ Rc7 33. Bxc7 Qxc7 34.
Qxc7+ Kxc7 35. Rae1 Bd6 36. f7 Kd7 37. Rf6 Rf8 38. Ree6 Be7 39. Rxc6 Bxf6 40.
Rxf6 Ke7 41. Rc6 Rxf7 42. Rxc5 Rf4 43. Rxa5 d3 44. Rd5 Rxc4 45. Rxd3 Rxa4 46.
Kg2 Ra2 47. Rd2 Kf6 48. Kg3 Kf5 49. Rf2+ Kg5 50. b3 Ra3 51. Rb2 Kh5 52. Kf4 Kh4
53. b4 Ra4 54. Ke5 Kh3 55. b5 Ra5 56. Kf5 Ra8 57. Rb3+ Kh4 58. b6 Rb8 59. b7
Rf8+ 60. Ke6 Rb8 61. Kd7 1-0

[Event "C.to Provinciale TO"]
[Site "Torino ITA"]
[Date "2016.01.26"]
[Round "1"]
[White "Eandi, Arnaldo"]
[Black "Malano, Francesco"]
[WhiteElo "1676"]
[BlackElo "1878"]
[Result "1/2-1/2"]
[PlyCount "89"]
[EventDate "2016.01.26"]

1. e4 d6 2. d4 Nf6 3. Nc3 Nbd7 4. f4 e5 5. fxe5 dxe5 6. dxe5 Nxe5 7. Bg5 Qxd1+
8. Rxd1 Be7 9. h3 c6 10. Be2 Be6 11. Nf3 Nxf3+ 12. Bxf3 Nd7 13. Bxe7 Kxe7 14.
O-O Ne5 15. Be2 Rad8 16. b3 f6 17. Na4 b6 18. Nb2 Rxd1 19. Rxd1 Rd8 20. Rxd8
Kxd8 21. Kf2 Ke7 22. a4 Kd6 23. Ke3 a5 24. Kd4 c5+ 25. Ke3 c4 26. bxc4 Kc5 27.
Nd3+ Nxd3 28. cxd3 Bd7 29. Bd1 Kb4 30. Kd4 Bxa4 31. Bxa4 Kxa4 32. Kc3 b5 33.
cxb5 Kxb5 34. g4 g6 35. d4 Kc6 36. Kb3 Kb5 37. Kc3 a4 38. Kb2 Kc4 39. d5 Kc5
40. Ka3 f5 41. gxf5 gxf5 42. exf5 Kxd5 43. Kxa4 Ke5 44. Kb3 Kxf5 45. Kc2
1/2-1/2

[Event "C.to Provinciale TO"]
[Site "Torino ITA"]
[Date "2016.01.26"]
[Round "1"]
[White "Femia, Nicola"]
[Black "Tondo, Stefano"]
[WhiteElo "1835"]
[BlackElo "1663"]
[Result "1/2-1/2"]
[PlyCount "96"]
[EventDate "2016.01.26"]

1. e4 e6 2. d4 d5 3. e5 c5 4. c3 Qb6 5. Nf3 Bd7 6. Bd3 Bb5 7. O-O Nc6 8. Bxb5
Qxb5 9. Na3 Qa6 10. Nc2 Nh6 11. h3 Nf5 12. Bf4 Be7 13. a4 c4 14. Ne3 Nh4 15.
Nd2 Qb6 16. Rb1 Na5 17. b4 Nc6 18. a5 Qb5 19. Bg3 h5 20. f4 O-O-O 21. f5 Nxf5
22. Nxf5 exf5 23. Rxf5 h4 24. Bh2 Rdf8 25. Qg4 Kd8 26. Rbf1 f6 27. exf6 Bxf6
28. Qf4 Rf7 29. Rxf6 gxf6 30. Qd6+ Kc8 31. Qe6+ Rd7 32. Rxf6 Kd8 33. Rf7 Re7
34. Qf6 Rhe8 35. Qd6+ Kc8 36. Be5 Rxf7 37. Nf3 Qa4 38. Kh2 Qc2 39. Qxd5 Rd7 40.
Qxc4 Qe4 41. b5 Rxe5 42. bxc6 Qf4+ 43. Kh1 Qc1+ 44. Ng1 Rxd4 45. cxb7+ Kxb7 46.
Qxd4 Qe1 47. Kh2 Qg3+ 48. Kh1 Qe1 1/2-1/2

[Event "C.to Provinciale TO"]
[Site "Torino ITA"]
[Date "2016.01.26"]
[Round "1"]
[White "Finocchiaro, Gianluca"]
[Black "Longo, Enrico"]
[WhiteElo "2023"]
[BlackElo "1756"]
[Result "1-0"]
[PlyCount "49"]
[EventDate "2016.01.26"]

1. e4 c5 2. Nf3 e6 3. c3 a6 4. d4 cxd4 5. cxd4 d5 6. e5 Bb4+ 7. Nc3 Bd7 8. Bd3
Nc6 9. O-O Nge7 10. Be3 Ng6 11. Rc1 b5 12. Ne2 Rc8 13. a4 Nce7 14. Qb3 a5 15.
Bg5 Qb6 16. Rxc8+ Nxc8 17. axb5 O-O 18. Nc3 h6 19. Be3 Na7 20. Qc2 Bxb5 21.
Nxb5 Nxb5 22. Bxg6 fxg6 23. Qxg6 Rf7 24. Bxh6 Nxd4 25. Ng5 1-0

[Event "C.to Provinciale TO"]
[Site "Torino ITA"]
[Date "2016.01.26"]
[Round "1"]
[White "Gussone, Claudio"]
[Black "Leoni, Alessandro"]
[WhiteElo "1752"]
[BlackElo "1937"]
[Result "0-1"]
[PlyCount "68"]
[EventDate "2016.01.26"]

1. Nf3 Nf6 2. g3 g6 3. Bg2 Bg7 4. O-O O-O 5. c4 d6 6. d4 Nc6 7. Nc3 e5 8. d5
Na5 9. Qd3 c5 10. a3 Nb3 11. Ra2 Nxc1 12. Rxc1 Bh6 13. Re1 Qb6 14. e4 Qb3 15.
Nd2 Bxd2 16. Qxd2 Qxc4 17. Qg5 Kg7 18. Bf1 Qb3 19. Qd2 Bd7 20. Rea1 Qb6 21. Rb1
Qb3 22. Re1 Rac8 23. h3 Qb6 24. Rb1 c4 25. Kg2 Rfe8 26. Be2 Qd4 27. Qc2 b5 28.
Rd1 Qc5 29. Qd2 a5 30. Qg5 b4 31. axb4 axb4 32. Na4 Bxa4 33. Rxa4 Nxe4 34. Qc1
Qxf2+ 0-1

[Event "C.to Provinciale TO"]
[Site "Torino ITA"]
[Date "2016.01.26"]
[Round "1"]
[White "Parisi, Gianmario"]
[Black "Liviabella, Lucio"]
[WhiteElo "1783"]
[BlackElo "1581"]
[Result "1-0"]
[PlyCount "113"]
[EventDate "2016.01.26"]

1. e4 c5 2. Nf3 Nc6 3. d4 cxd4 4. Nxd4 e5 5. Nb5 Nf6 6. N1c3 d6 7. Bg5 a6 8.
Na3 h6 9. Bxf6 gxf6 10. Nd5 b5 11. c3 f5 12. exf5 Bxf5 13. Qf3 Qc8 14. Nb6 Qb7
15. Nxa8 Be6 16. Bd3 Qxa8 17. Be4 Bd7 18. Bd5 Rh7 19. Nc2 Qc8 20. Ne3 Ne7 21.
O-O Rg7 22. Rfe1 Ng6 23. Nf1 Nf4 24. Qxf4 Qc5 25. Rad1 Be6 26. Qe3 Bxd5 27.
Qxc5 Rxg2+ 28. Kh1 dxc5 29. Rxd5 Rxf2 30. Rdxe5+ Kd7 31. R5e2 Rf6 32. Ng3 Kc6
33. Re8 Bg7 34. Nh5 Rg6 35. Nxg7 Rxg7 36. R8e7 Kd6 37. Ra7 Kd5 38. Rxa6 Kc4 39.
Rf6 b4 40. Rf4+ Kb5 41. cxb4 cxb4 42. Re5+ Kc6 43. Rxb4 f6 44. Rf5 Rg6 45. Rbf4
Kd7 46. Rxf6 Rg8 47. Rxh6 Rc8 48. Rf2 Rc1+ 49. Kg2 Rc5 50. Rg6 Ke7 51. h4 Rh5
52. Kg3 Kd7 53. Kg4 Ra5 54. a3 Ra4+ 55. Kg5 Ra5+ 56. Kh6 Ra8 57. Rf7+ 1-0

[Event "C.to Provinciale TO"]
[Site "Torino ITA"]
[Date "2016.01.26"]
[Round "1"]
[White "Saponaro, Elisa"]
[Black "Zenere, Gabriele"]
[WhiteElo "1609"]
[BlackElo "1806"]
[Result "0-1"]
[PlyCount "54"]
[EventDate "2016.01.26"]

1. d4 Nf6 2. c4 c5 3. d5 e6 4. Nc3 exd5 5. cxd5 d6 6. Nf3 g6 7. e4 Bg7 8. Bd3
O-O 9. O-O a6 10. Bf4 b5 11. Rc1 Bg4 12. b3 Re8 13. h3 Bxf3 14. Qxf3 Qb6 15.
Be3 Nbd7 16. Qg3 Re7 17. b4 Rc8 18. a4 Nh5 19. Qh4 Bf6 20. Bg5 cxb4 21. Na2
Rxc1 22. Rxc1 bxa4 23. Rc6 Qb8 24. Bxa6 Re8 25. g4 b3 26. gxh5 bxa2 27. Bxf6
Qb1+ 0-1

[Event "C.to Provinciale TO"]
[Site "Torino ITA"]
[Date "2016.02.02"]
[Round "2"]
[White "D'India, Bruno"]
[Black "Manni, Stefano"]
[WhiteElo "1758"]
[BlackElo "2018"]
[Result "1/2-1/2"]
[PlyCount "91"]
[EventDate "2016.01.26"]

1. d4 d5 2. c4 c6 3. Nf3 Nf6 4. e3 e6 5. Bd3 Nbd7 6. Nbd2 Bd6 7. O-O O-O 8. Qc2
Qe7 9. e4 dxe4 10. Nxe4 Nxe4 11. Bxe4 f5 12. Bd3 c5 13. Re1 cxd4 14. Nxd4 Ne5
15. Bf1 Qh4 16. Rxe5 Bxe5 17. Nf3 Qf6 18. Bg5 Qg6 19. Be7 Bc7 20. Bxf8 Kxf8 21.
Qa4 e5 22. Rd1 e4 23. Nh4 Qf6 24. Qb4+ Qe7 25. Qxe7+ Kxe7 26. g3 Be6 27. Ng2
Rd8 28. Rxd8 Bxd8 29. Nf4 Bf7 30. Nd5+ Kd6 31. Ne3 Ke5 32. Kg2 Bb6 33. b3 Bh5
34. Nd5 Bd8 35. Kg1 g5 36. Bh3 f4 37. Kf1 Kd4 38. gxf4 gxf4 39. Nxf4 Bf7 40.
Be6 Ke5 41. Bxf7 Kxf4 42. Ke2 a5 43. c5 Be7 44. Bd5 Bxc5 45. Bxb7 h6 46. Bd5
1/2-1/2

[Event "C.to Provinciale TO"]
[Site "Torino ITA"]
[Date "2016.02.02"]
[Round "2"]
[White "Fassio, Francesco"]
[Black "Di Chiara, Mauro"]
[WhiteElo "1557"]
[BlackElo "1936"]
[Result "0-1"]
[PlyCount "28"]
[EventDate "2016.01.26"]

1. Nf3 g6 2. g3 Bg7 3. Bg2 Nf6 4. O-O O-O 5. d4 d6 6. c4 Nbd7 7. Nc3 e5 8. Qc2
exd4 9. Nxd4 Ne5 10. b3 c5 11. Nf3 Bf5 12. Qd2 Ne4 13. Qd1 Nxf3+ 14. Bxf3 Nxc3
0-1

[Event "C.to Provinciale TO"]
[Site "Torino ITA"]
[Date "2016.02.02"]
[Round "2"]
[White "Leoni, Alessandro"]
[Black "Parisi, Gianmario"]
[WhiteElo "1937"]
[BlackElo "1783"]
[Result "1-0"]
[PlyCount "43"]
[EventDate "2016.01.26"]

1. e4 b6 2. d4 Bb7 3. Bd3 e6 4. Ne2 Nf6 5. Nbc3 Bb4 6. a3 Be7 7. O-O c5 8. e5
Nd5 9. Ne4 cxd4 10. Nxd4 Nc6 11. Nb5 O-O 12. c4 Nc7 13. Nbd6 Ba6 14. Bf4 Ne8
15. Qh5 g6 16. Qh6 f6 17. exf6 Nxf6 18. Ng5 Bxd6 19. Bxd6 Ne7 20. Be5 Nf5 21.
Bxf5 gxf5 22. Nxh7 1-0

[Event "C.to Provinciale TO"]
[Site "Torino ITA"]
[Date "2016.02.02"]
[Round "2"]
[White "Liviabella, Lucio"]
[Black "Gussone, Claudio"]
[WhiteElo "1581"]
[BlackElo "1752"]
[Result "0-1"]
[PlyCount "74"]
[EventDate "2016.01.26"]

1. e4 d5 2. exd5 Qxd5 3. Nc3 Qa5 4. Bc4 Nf6 5. Nge2 Bg4 6. d3 c6 7. Bd2 Qc7 8.
h3 Bh5 9. g4 Bg6 10. Bf4 Qd8 11. Qd2 e6 12. a3 Bd6 13. O-O-O h6 14. Kb1 Qe7 15.
Bxd6 Qxd6 16. f4 Nbd7 17. Rhf1 O-O-O 18. Ng3 Rhf8 19. Qe3 Nd5 20. Bxd5 exd5 21.
Qxa7 Kc7 22. Qf2 f6 23. Nge2 Ra8 24. Nd4 Kb8 25. f5 Bf7 26. Rfe1 Ne5 27. Nb3
Kc7 28. Nd4 Kd7 29. Nb3 b5 30. Nc5+ Kc7 31. Ne6+ Bxe6 32. fxe6 b4 33. axb4 Qxb4
34. d4 Rfb8 35. Nxd5+ cxd5 36. c3 Qb6 37. Qh2 Qa5 0-1

[Event "C.to Provinciale TO"]
[Site "Torino ITA"]
[Date "2016.02.02"]
[Round "2"]
[White "Longo, Enrico"]
[Black "Saponaro, Elisa"]
[WhiteElo "1756"]
[BlackElo "1609"]
[Result "1-0"]
[PlyCount "59"]
[EventDate "2016.01.26"]

1. Nf3 d5 2. c4 c6 3. d4 Nf6 4. Nc3 e6 5. e3 Bd6 6. Bd3 Nbd7 7. Bd2 O-O 8. O-O
dxc4 9. Bxc4 b5 10. Bb3 Bb7 11. Rc1 Qe7 12. Re1 Rad8 13. e4 e5 14. Bg5 h6 15.
Bh4 c5 16. d5 a6 17. a3 c4 18. Ba2 g5 19. Bg3 Nh5 20. Bxe5 Nxe5 21. Nxe5 Nf4
22. Nf3 f6 23. Ne2 Ng6 24. Ng3 Bf4 25. Nf5 Qd7 26. Rb1 Kh7 27. g3 Bb8 28. N3d4
Rfe8 29. Qh5 Ne5 30. Qxh6+ 1-0

[Event "C.to Provinciale TO"]
[Site "Torino ITA"]
[Date "2016.02.02"]
[Round "2"]
[White "Malano, Francesco"]
[Black "Femia, Nicola"]
[WhiteElo "1878"]
[BlackElo "1835"]
[Result "1-0"]
[PlyCount "135"]
[EventDate "2016.01.26"]

1. d4 d5 2. Nf3 e6 3. c4 c6 4. Qc2 Nf6 5. Bg5 Be7 6. e3 Nbd7 7. Nc3 h6 8. Bh4
O-O 9. h3 Re8 10. Be2 Nf8 11. Ne5 N6d7 12. Bxe7 Qxe7 13. Nf3 b6 14. O-O Bb7 15.
Rad1 dxc4 16. Bxc4 c5 17. Rfe1 Bxf3 18. gxf3 cxd4 19. Rxd4 Ne5 20. Be2 Rac8 21.
f4 Neg6 22. Qe4 f5 23. Qg2 Red8 24. Red1 Rxd4 25. Rxd4 Rd8 26. Rxd8 Qxd8 27.
Bh5 Ne7 28. Qf1 g6 29. Bf3 Kg7 30. Qe2 Nc8 31. Nb5 g5 32. fxg5 Qxg5+ 33. Kh1
Qh4 34. Bg2 a6 35. Nd4 b5 36. Qf3 Nd6 37. Kg1 Ne4 38. Qxf5 Ng5 39. Qg4 Qxg4 40.
hxg4 Kf6 41. f4 Nf7 42. Bb7 Nd6 43. Bxa6 Nc4 44. Kf2 Nxb2 45. Bxb5 e5 46. fxe5+
Kxe5 47. Ke2 Kd5 48. Nf5 Ne6 49. Nxh6 Ng5 50. Nf5 Kc5 51. Nd4 Kb4 52. a4 Nxa4
53. Bxa4 Kxa4 54. Nf3 Ne4 55. g5 Kb4 56. Kd3 Nf2+ 57. Kd4 Kb5 58. g6 Ng4 59. e4
Nh6 60. Kd5 Kb6 61. Kd6 Kb7 62. Kd7 Kb6 63. g7 Kc5 64. e5 Kd5 65. e6 Ng8 66. e7
Nf6+ 67. Kd8 Ke6 68. e8=Q+ 1-0